| 000 | 00606 a2200217 4500 | ||
|---|---|---|---|
| 999 |
_c200129857 _d31272 |
||
| 001 | 200129857 | ||
| 003 | TR-AnTOB | ||
| 005 | 20200311103953.0 | ||
| 008 | 130618s2011 tu 000 0 | ||
| 040 |
_aTR-AnTOB _cTR-AnTOB |
||
| 041 | _atur | ||
| 050 |
_aTJ163.25 _bT87 2011 |
||
| 090 | _aTJ163.25 T87 2011 | ||
| 245 | 1 | 0 |
_aTürkiye Teknoloji Geliştirme Vakfı 20 yıl 1991-2011 : _bbaşarı öyküleri / _cTTGV. |
| 264 | 1 |
_aAnkara: _bCyberkpark, _c2011 |
|
| 300 |
_a347 s. ; _c23 cm |
||
| 650 |
_aEnerji geliştirme _990938 |
||
| 650 |
_aEnergy development _990939 |
||
| 942 |
_cBK _2lcc |
||